| 000 | 00000nam 2200000zi 4500 |
| 001 | 9.947397 |
| 003 | CaOODSP |
| 005 | 20250409143259 |
| 006 | m o d f |
| 007 | cr ||||||||||| |
| 008 | 250127t20252025onc os f000 0 fre d |
| 020 | |a9780660754383 |
| 040 | |aCaOODSP|bfre|erda|cCaOODSP |
| 041 | |afre|beng |
| 043 | |an-cn--- |
| 086 | 1 |aCi4-183/1-2025F-PDF |
| 245 | 00|a2024-25 sondage de suivi annuelle d'IRCC : |brapport final / |cpréparé pour Immigration, Réfugiés et Citoyenneté Canada. |
| 264 | 1|a[Ottawa] : |bImmigration, Réfugiés et Citoyenneté Canada = Immigration, Refugees and Citizenship Canada, |c2025. |
| 264 | 4|c©2025 |
| 300 | |a1 ressource en ligne (21 pages) + |eannexe 2 (14 pages non numérotées) + sommaire (4 pages) |
| 336 | |atexte|btxt|2rdacontent/fre |
| 337 | |ainformatique|bc|2rdamedia/fre |
| 338 | |aressource en ligne|bcr|2rdacarrier/fre |
| 500 | |aPublié aussi en anglais sous le titre : 2024-25 IRCC annual tracking survey: final report. |
| 500 | |a« Nom du fournisseur : Phoenix SPI. » |
| 500 | |a« Numéro de contrat : CW2377442. » |
| 500 | |a« Numéro d’enregistrement : POR 043-24. » |
| 500 | |aLe fichier de publication (Rapport final) en format PDF a été remplacé le 9 avril 2025 à la requête d'Immigration, réfugiés et citoyenneté Canada. |
| 546 | |aTexte principalement en français; comprend du texte en anglais. |
| 650 | 6|aImmigrants|xServices|zCanada|xOpinion publique|vStatistiques. |
| 650 | 6|aCitoyenneté|zCanada|xOpinion publique|vStatistiques. |
| 650 | 6|aOpinion publique|zCanada. |
| 655 | 7|aStatistiques|2rvmgf |
| 710 | 1 |aCanada. |bImmigration, réfugiés et citoyenneté Canada, |eorganisme de publication. |
| 710 | 2 |aPhoenix Strategic Perspectives Inc., |econsultant. |
| 775 | 08|t2024-25 IRCC annual tracking survey : |w(CaOODSP)9.947396 |
| 795 | |t2023-24 étude de suivi annuelle d'IRCC : |w(CaOODSP)9.939287 |
| 856 | 40|qPDF|s854 Ko|uhttps://publications.gc.ca/collections/collection_2025/ircc/Ci4-183-1-2025-fra.pdf|z(Rapport final) |
| 856 | 40|qPDF|s335 Ko|uhttps://publications.gc.ca/collections/collection_2025/ircc/Ci4-183-1-2025-2.pdf|z(Annexe 2) |
| 856 | 40|qPDF|s250 Ko|uhttps://publications.gc.ca/collections/collection_2025/ircc/Ci4-183-1-2025-1-fra.pdf|z(Sommaire) |
| 856 | 40|qHTML|sS.O.|uhttps://epe.bac-lac.gc.ca/100/200/301/pwgsc-tpsgc/por-ef/immigration_refugees/2025/043-24-f/043-24-rapport.html|z(Rapport final) |
| 856 | 4 |qHTML|sS.O.|uhttps://epe.bac-lac.gc.ca/100/200/301/pwgsc-tpsgc/por-ef/immigration_refugees/2025/043-24-f/043-24_Instrument_Appendix.htm|z(Annexe 2) |
| 856 | 4 |qHTML|sS.O.|uhttps://epe.bac-lac.gc.ca/100/200/301/pwgsc-tpsgc/por-ef/immigration_refugees/2025/043-24-f/sommaire/043-24-sommaire.html|z(Sommaire) |
| 856 | 4 |qHTML|sS.O|uhttps://epe.bac-lac.gc.ca/100/200/301/pwgsc-tpsgc/por-ef/immigration_refugees/2025/043-24-f/index.html|z(Ensemble de données complet) |